000 00741nam a2200265 i 4500
001 C2-0072129
003 PPAK
005 20190630222206.0
008 970429s1993 xxka|||| ||||| | eng d
020 _a0750013664
040 _aPPAK
_beng
_cPPAK
_erda
082 0 4 _a574.52652
_223
090 0 0 _a574.52652
_bGAN
_dK
090 0 0 _a574.52652
_bGAN
_dR
090 0 0 _a574.52652
_bGAN
_dRK
100 1 _aGaneri, Anita,
_eauthor
245 1 0 _aHow to survive in a desert
264 1 _aHemel Hempstead :
_bSimon & Schuster Young Books ,
_c1993
300 _a32 pages :
_billustrations ;
_c24 cm
336 _2rdacontent
_atext
337 _2rdamedia
_aunmediated
338 _2rdacarrier
_avolume
650 1 0 _aDesert survival
942 _ddc
_cB
999 _c9223
_d9223